| 000 | 00502nam a2200181Ia 4500 | ||
|---|---|---|---|
| 005 | 20250508151745.0 | ||
| 008 | 008 250505s9999 xx 000 0 hin d | ||
| 037 | _aTextual | ||
| 040 |
_aFEDL _beng _cFEDL |
||
| 041 |
_ahin _2eng |
||
| 084 |
_a491.435, JOS _qFEDL |
||
| 100 |
_aJoshi Kishori Lal _9759910 |
||
| 245 | 0 | _aHindi vyakaran komudi | |
| 260 |
_aDelhi, India _bGulab Chand Kapoor and Sons |
||
| 300 | _a208p. | ||
| 942 |
_cTEXL _h491.435, JOS |
||
| 999 |
_c1331954 _d1331954 |
||